| 000 | 01021nam a2200277 a 4500 | ||
|---|---|---|---|
| 001 | 000043554 | ||
| 005 | 20240527202356.0 | ||
| 008 | 140325s2009 dr 000 0 spa d | ||
| 020 | _a9789945412307 | ||
| 040 |
_aDO-SdBNP _bspa _cBNPHU |
||
| 082 |
_a303.482 _bC112a |
||
| 100 | 1 |
_aCaballero Harriet, Francisco Javier. _971347 |
|
| 245 | 1 | 0 |
_aAlgunas claves para otra mundialización / _cFrancisco Javier Caballero Harriet. |
| 260 |
_aSanto Domingo : _bFUNGLODE, _c2009. |
||
| 300 |
_a306 p. ; _c24 cm. |
||
| 490 | 1 | _aDemocracia ; | |
| 500 | _aIncluye datos biográficos del autor en la solapa de la cubierta | ||
| 504 | _aIncluye referencias bibliográficas y notas al pie de las páginas | ||
| 504 | _aBibliografía : p. 301-306 | ||
| 590 | _aInventariado, 2018/BT | ||
| 650 | 0 |
_aGlobalización _91524 |
|
| 650 | 0 |
_a Relaciones económicas internacionales _91067 |
|
| 710 | 2 |
_aFundación Global Democracía y Desarrollo _925477 |
|
| 830 | 0 |
_aDemocracia ; _933472 |
|
| 910 | _aValidado. Control de calidad. MFF | ||
| 999 |
_c43043 _d43043 |
||